Normal view
MARC view
- S. C. Jain
Entry Personal Name
001 - CONTROL NUMBER
- control field: 2720
003 - CONTROL NUMBER IDENTIFIER
- control field: OSt
005 - DATE AND TIME OF LATEST TRANSACTION
- control field: 20191223170705.0
008 - FIXED-LENGTH DATA ELEMENTS
- fixed length control field: 191223|| aca||aabn | a|a d
040 ## - CATALOGING SOURCE
- Original cataloging agency: OSt
- Transcribing agency: OSt
100 ## - HEADING--PERSONAL NAME
- Personal name: S. C. Jain
670 ## - SOURCE DATA FOUND
- Source citation: Work cat.: (OSt)1850: Jain,Subhash C. 2718, International Marketing/Managerial Perspective, 1986
